| 000 | 00437nam a22001697a 4500 | ||
|---|---|---|---|
| 003 | SGT | ||
| 020 | _a9789352708451 | ||
| 082 |
_a617 _bA20P |
||
| 100 | _aPALANIVELU, C. | ||
| 245 | _aART OF LAPAROSCOPIC SURGERY TEXTBOOK & ATLAS | ||
| 250 | _a2ND | ||
| 260 |
_aINDIA _bJAYPEE PUB _c20220 |
||
| 300 | _a333,763,1184,1642 | ||
| 650 | _aGENERAL SURGERY | ||
| 653 | _aART OF LAPAROSCOPIC SURGERY TEXTBOOK & ATLAS | ||
| 942 |
_2ddc _cBK |
||
| 999 |
_c25421 _d25421 |
||